| 000 | 00839cam a2200241 a 4500 | ||
|---|---|---|---|
| 001 | 000005113 | ||
| 005 | 20200929151601.0 | ||
| 008 | 900419s1985 sp g 000 p spa | ||
| 010 | _a90870903 | ||
| 020 | _a8420510378 | ||
| 040 |
_aDO-SdBNP _cDLC |
||
| 082 |
_a861.08 _bA634p |
||
| 245 | 0 | 0 |
_aAntología de la poesía gallego-portuguesa / _cselección, estudio y notas de Carlos Alvar y Vicente Beltran. |
| 260 |
_aMadrid : _bAlhambra, _c1985. |
||
| 300 |
_avii, 451 p. : _bmusic ; _c20 cm. |
||
| 440 | 0 |
_aClásicos ; _v28 _99850 |
|
| 650 | 4 |
_aPoesía española _xColecciones _93395 |
|
| 650 | 4 |
_aPoesía portuguesa _xColecciones _914657 |
|
| 650 | 4 |
_aPoesía gallego-portuguesa _xHistoria y crítica _914658 |
|
| 700 | 1 |
_aAlvar, Carlos _914659 |
|
| 700 | 1 |
_aBeltrán Pepio, Vicente, _d1948- _914660 |
|
| 910 | _aCatalogación por copia / LC | ||
| 999 |
_c4916 _d4916 |
||